000 00664nam a2200205Ia 4500
003 GCL
008 140319s9999 xx 000 0 ara d
040 _aGCL /
_cGCL
082 0 4 _aق
_b962
_bد م
100 1 _aدار الهلال
245 1 0 _aمصر والعالم يوم صدر الهلال 1892 - الاعداد الخمسة الاولى من مجلة الهلال /
_cدار الهلال
250 _aالاولى
260 _aالقاهرة :
_bدار الهلال للطباعة والنشر
300 _a184 ص ؛
_c24سم
650 0 4 _aالادب
650 0 4 _aدوريات
650 0 4 _aالفن
650 0 4 _aالهلال
942 _2ddc
_cCF
999 _c26955
_d26955